000 00418pab a2200169 454500
008 180718b2010 xxu||||| |||| 00| 0 eng d
100 _aYadav, Hans Raj
245 _aSocio-economic conditions of MGNREGA workers in district Rewari
260 _c2010
300 _ap.24-27.
362 _aAug
650 _aLiving conditions
700 _aGarg, Nidhi
773 _aSocial Welfare
908 _aN
909 _a87604
999 _c87604
_d87604